[Event "GER-chT U16"]
[Site "Willingen"]
[Date "2021.06.26"]
[Round "5.8"]
[White "Nakhle, Fabrice"]
[Black "Wende, Hugo"]
[Result "1/2-1/2"]
[WhiteElo "1254"]
[BlackElo "1599"]
[PlyCount "92"]
[EventDate "2021.06.23"]
[EventType "team-swiss"]
[EventRounds "7"]
[EventCountry "GER"]
[SourceTitle "CBM 203 Extra"]
[Source "ChessBase"]
[SourceDate "2021.09.30"]
[SourceVersion "1"]
[SourceVersionDate "2021.09.30"]
[SourceQuality "1"]
[WhiteTeam "Erfurt SK"]
[BlackTeam "Hoyerswerda"]
[WhiteTeamCountry "GER"]
[BlackTeamCountry "GER"]

1. e4 e6 2. d4 d5 3. Nc3 dxe4 4. Nxe4 Nd7 5. Bd3 Ngf6 6. Qe2 Nxe4 7. Bxe4 Nf6 8. Bxb7 Rb8 9. Bxc8 Qxc8 10. Nf3 Be7 11. 0-0 0-0 12. Ne5 c5 13. c3 Rd8 14. Qf3 Rb6 15. Rb1 cxd4 16. cxd4 Qc2 17. Be3 Qe4 18. Qxe4 Nxe4 19. Rfd1 Rbd6 20. f3 Nc5 21. Nc6 Rxc6 22. dxc5 Rdc8 23. b4 a6 24. a4 f6 25. Rd7 Kf8 26. Ra7 Rb8 27. b5 axb5 28. axb5 Bxc5 29. Bxc5+ Rxc5 30. b6 Rd5 31. Kf2 Rd6 32. b7 Rdd8 33. Rba1 Ke7 34. Kg3 Rd7 35. Rb1 f5 36. Ra8 Rbxb7 37. Rxb7 Rxb7 38. Rh8 h6 39. Kh4 Kf6 40. Kh5 Rb2 41. h4 Rxg2 42. f4 Rg4 43. Rf8+ Ke7 44. Re8+ Kd6 45. Rxe6+ Kd7 46. Re7+ Kxe7 1/2-1/2

[Event "GER-chT U14"]
[Site "Magdeburg"]
[Date "2018.12.29"]
[Round "5.2"]
[White "Wende, Hugo"]
[Black "Yin, Haode"]
[Result "0-1"]
[WhiteElo "1573"]
[BlackElo "1696"]
[PlyCount "112"]
[EventDate "2018.12.27"]
[EventType "team-swiss"]
[EventRounds "7"]
[EventCountry "GER"]
[SourceTitle "CBM 188 Extra"]
[Source "ChessBase"]
[SourceDate "2019.02.26"]
[SourceVersion "1"]
[SourceVersionDate "2019.02.26"]
[SourceQuality "1"]
[WhiteTeam "Hoyerswerda"]
[BlackTeam "Paderborn"]
[WhiteTeamCountry "GER"]
[BlackTeamCountry "GER"]

1. d4 d5 2. c4 e6 3. Nc3 Nf6 4. Bg5 Nbd7 5. Nf3 c6 6. e3 Qa5 7. Qc2 Ne4 8. Bd3 Nxg5 9. Nxg5 dxc4 10. Bxc4 Qxg5 11. 0-0 Nb6 12. Bd3 h6 13. Ne4 Qd8 14. Rfd1 Be7 15. a4 0-0 16. Nc3 Nd5 17. Nxd5 cxd5 18. Rac1 Bd6 19. Qc3 Bd7 20. a5 Rc8 21. Qd2 Qe7 22. Qe2 Rxc1 23. Rxc1 Rc8 24. Rb1 e5 25. dxe5 Qxe5 26. g3 Bf5 27. Bxf5 Qxf5 28. Rf1 Qc2 29. Qb5 Qc6 30. Qxc6 bxc6 31. Rd1 Be5 32. b3 Kf8 33. f4 Bc7 34. b4 a6 35. Kf2 Ke7 36. Ke2 Rb8 37. Rd4 Bd6 38. e4 Rxb4 39. Rxb4 Bxb4 40. exd5 cxd5 41. Kd3 Bxa5 42. Kd4 Kd6 43. h3 Bb6+ 44. Kd3 Kc5 45. Kc3 d4+ 46. Kd2 Kc4 47. f5 a5 48. g4 a4 49. h4 a3 50. Kc2 d3+ 51. Kb1 d2 52. Kc2 a2 53. Kxd2 a1Q 54. Ke2 Qc3 55. Kd1 Kd3 56. h5 Qa1# 0-1

[Event "GER-chT U14"]
[Site "Magdeburg"]
[Date "2018.12.28"]
[Round "4.2"]
[White "Wende, Hugo"]
[Black "Straub, Benno"]
[Result "0-1"]
[WhiteElo "1573"]
[BlackElo "1560"]
[PlyCount "80"]
[EventDate "2018.12.27"]
[EventType "team-swiss"]
[EventRounds "7"]
[EventCountry "GER"]
[SourceTitle "CBM 188 Extra"]
[Source "ChessBase"]
[SourceDate "2019.02.26"]
[SourceVersion "1"]
[SourceVersionDate "2019.02.26"]
[SourceQuality "1"]
[WhiteTeam "Hoyerswerda"]
[BlackTeam "Freiburg Zaehringen"]
[WhiteTeamCountry "GER"]
[BlackTeamCountry "GER"]

1. d4 d5 2. c4 c6 3. Nc3 Nf6 4. Nf3 Bf5 5. Bg5 e6 6. e3 h6 7. Bh4 Nbd7 8. cxd5 exd5 9. Bd3 Bxd3 10. Qxd3 Qb6 11. Rb1 Bd6 12. Bxf6 Nxf6 13. 0-0 0-0 14. a3 Rfe8 15. b4 a6 16. Rfe1 Ne4 17. Nd2 f5 18. f3 Nxc3 19. Qxc3 Qc7 20. Nf1 Re6 21. a4 b5 22. a5 Qe7 23. Nd2 Re8 24. Nf1 f4 25. e4 dxe4 26. fxe4 Rxe4 27. Rxe4 Qxe4 28. Rc1 Rc8 29. Qb3+ Kh7 30. d5 c5 31. bxc5 Rxc5 32. Rd1 Rc2 33. Qh3 b4 34. Rd3 Rc1 35. Qf3 Bc5+ 36. Kh1 Qxf3 37. Rxf3 b3 38. h3 b2 39. Kh2 b1Q 40. Nd2 Rh1# 0-1

[Event "GER-chT U14"]
[Site "Magdeburg"]
[Date "2018.12.27"]
[Round "2.2"]
[White "Wende, Hugo"]
[Black "Sabirov, Rafael"]
[Result "1-0"]
[WhiteElo "1573"]
[BlackElo "1571"]
[PlyCount "95"]
[EventDate "2018.12.27"]
[EventType "team-swiss"]
[EventRounds "7"]
[EventCountry "GER"]
[SourceTitle "CBM 188 Extra"]
[Source "ChessBase"]
[SourceDate "2019.02.26"]
[SourceVersion "1"]
[SourceVersionDate "2019.02.26"]
[SourceQuality "1"]
[WhiteTeam "Hoyerswerda"]
[BlackTeam "Porz SG"]
[WhiteTeamCountry "GER"]
[BlackTeamCountry "GER"]

1. d4 d5 2. c4 e6 3. Nc3 Nf6 4. Bg5 Be7 5. Nf3 b6 6. e3 Bb7 7. cxd5 exd5 8. Be2 Nbd7 9. 0-0 0-0 10. Rc1 Rc8 11. Qc2 c5 12. Rfd1 Re8 13. dxc5 bxc5 14. Bf4 Nb6 15. a3 Nfd7 16. Ne5 Nxe5 17. Bxe5 Bf6 18. Bxf6 Qxf6 19. Bf3 Qe5 20. Qb3 Rcd8 21. Qb5 Qe7 22. Ne2 Rc8 23. Nf4 Red8 24. Qb3 Qg5 25. h3 Bc6 26. Qa2 Ba8 27. b4 c4 28. Rd4 Rd6 29. Ne2 Re8 30. Rcd1 f5 31. Nc3 Red8 32. Qc2 Qf6 33. Rf4 g6 34. g4 d4 35. Bxa8 Nxa8 36. Nb5 R6d7 37. Qxc4+ Kg7 38. Nxd4 Rd6 39. gxf5 g5 40. Rg4 h6 41. Re1 R8d7 42. h4 Nb6 43. Qb3 Rd5 44. hxg5 hxg5 45. Ne6+ Kh6 46. Nd4 Kg7 47. Kg2 Rd8 48. Ne6+ 1-0